Diccionario de Medicina Océano Mosby/ (Registro nro. 3243)

Detalles MARC
000 -LEADER
fixed length control field 00617nam a2200181 a 4500
008 - CAMPO DE CONTROL (LIBRO)
fixed length control field 250421e1996 sp ||||f |||| 001 0 spa d
020 ## - INTERNATIONAL STANDARD BOOK NUMBER
ISBN 8449403685
041 ## - CODIGO DE IDIOMA
Código de idioma del texto/pista de sonido o título separado spa
092 ## - SIGNATURA TOPOGRAFICA DEWEY LOCAL
número de clasificación 610.3
libristica 16
sección DIC
245 ## - TITULO PROPIAMENTE DICHO
Título Diccionario de Medicina Océano Mosby/
Subtítulo y Título paralelo Carlos Gispert.
250 ## - MENCION DE EDICION
Mención de edición 4ta. ed.
Mención de responsabilidad relacionada con la ed. Traducción Lena Ferrús Estopá y Jorge Currel Guerra.
260 ## - PIE DE IMPRENTA
Lugar de publicación, distribución, etc Barcelona:
Nombre de la editorial, distribuidor, etc Óceano;
Fecha de publicación 1996.
300 ## - DESCRIPCION FISICA
Extension 1504p.
500 ## - NOTA GENERAL
Nota general Gispert, C. (Dir.). (1996). Diccionario de Medicina Océano Mosby. (4ta ed.). Barcelona : Océano.
653 ## - TÉRMINO INDIZADO - PALABRAS CLAVES
Palabra clave Diccionario.
700 1# - ENTRADAS SECUNDARIAS - NOMBRE PERSONAL
Nombre personal Gispert, Carlos
Función Dir.
9 (RLIN) 4111
942 ## - ADDED ENTRY ELEMENTS (KOHA)
Source of classification or shelving scheme Dewey Decimal Classification
Item type Libros
Existencias
Estado de retiro Existencia Fuente de clasificación Estado general No para prestamo Ubicación permanente ubicación actual Sala de ubicación Fecha de adquisición Fuente de adquisición Total Checkouts Número de clasificación Código de barras Date last seen Número de ejemplar Price effective from Koha tipo de elemento (item) Public note Coded location qualifier
    Dewey Decimal Classification     Biblioteca Medicina Biblioteca Medicina Circulación 21/04/2025 Costantini, Pablo. Donación abril 2025   610.03 16 DIC 5002 21/04/2025 Ej 11 21/04/2025 Libros Donación Costantini Pablo. abril 2025  

UNIVERSIDAD NACIONAL DEL COMAHUE
Biblioteca de la Facultad de Ciencias Médicas
Sede Toschi: Los Arrayanes y Av. Toschi, Cipolletti  - Rio Negro
Sede Los Tordos:  Yrigoyen al 2211, Cipolletti - Rio Negro 

Teléfono: 0299 - 4774707 int 25
Contacto: biblioteca@facimed.uncoma.edu.ar
© 2011 - 2026